000 01447nam a2200289Ia 4500
003 OSt
005 20210426120138.0
008 210310s2008 ck d gr 000 0 spa d
020 _a9789589307237
040 _aCO-JMCR
_cCO-JMCR
041 0 _aspa
082 0 4 _a331.1204 /
_bB155i
_223
100 1 _aPerry, Guillermo E.,
_eautor
_97172
245 1 0 _aInformalidad :
_bescape y exclusión /
_cGuillermo E. Perry, William F. Maloney, Omar S. Arias, [y otros 3]
260 _aBogotá :
_bMayol,
_c2008
300 _a230 páginas :
_bgráficas en blanco y negro ;
_c27 cm.
490 0 _aEstudios del Banco Mundial sobre América Latina y el Caribe
504 _aBibliografía : páginas 228-230.
505 _aEl sector informal: ¿Qué es por qué nos importa y cómo lo medimos? -- La razón de ser del trabajador informal --Informalidad ingresos y bienestar -- El mercado laboral informal en movimiento: dinámica, ciclos y tendencias --La dinámica de la microempresa y la informalidad. -- Informalidad, productividad y la firma. -- Informalidad, protección social y política contra la pobreza. -- El sector informal y el estado: instituciones, desigualdad y norma social.
650 1 4 _aMercado de trabajo.
_925941
650 2 4 _aSector informal.
_937134
650 2 4 _aConflictos económicos.
_937135
650 2 4 _aRentas.
_96044
700 1 _aMaloney, William F.,
_937136
700 1 _aArias, Omar S.,
_937137
942 _2ddc
_cBK
999 _c11596
_d11596